| 000 | 00517nam a22001937a 4500 | ||
|---|---|---|---|
| 003 | OSt | ||
| 005 | 20210427063156.0 | ||
| 008 | 210312s1966 ||||| |||| 00| 0 eng d | ||
| 040 |
_aeng _beng _cDLC |
||
| 041 | _aeng | ||
| 080 |
_a641 _bA-47 |
||
| 245 |
_aAmerica's Favorite Recipes from Better Homes and Gardens _c/ by: Bantam Books |
||
| 260 |
_aNew York _bBantam Books _c1966 |
||
| 300 |
_a313 p. _bill. |
||
| 365 | _b0.95 usd | ||
| 650 | 0 |
_9468 _aCulinary |
|
| 653 | _aკულინარია | ||
| 942 |
_2udc _cBK |
||
| 999 |
_c2194 _d2194 |
||